[Event "2nd Sharjah Masters 2018"]
[Site "Sharjah"]
[Date "2018.04.17"]
[Round "7"]
[White "Dhulipalla Bala Chandra Prasa"]
[Black "Balasubramaniam H"]
[Result "1-0"]
[WhiteElo "2294"]
[BlackElo "2060"]
[Annotator "NA"]
[PlyCount "123"]
[EventDate "2018.??.??"]
[EventType "swiss"]
[EventCountry "UAE"]
[SourceTitle "playchess.com"]
[Source "ChessBase"]
[SourceQuality "1"]
[TimeControl "5400+30"]

1. c4 {[%emt 0:00:00]} e5 {[%emt 0:00:04]} 2. g3 {[%emt 0:00:16]} h5 {[%emt 0:00:19]} 3. d4 {[%emt 0:09:16]} Nc6 {[%emt 0:03:47]} 4. d5 {[%emt 0:03:58]} Nce7 {[%emt 0:03:52]} 5. Nf3 {[%emt 0:04:04]} Ng6 {[%emt 0:03:43]} 6. h4 {[%emt 0:11:12]} Nf6 {[%emt 0:04:34]} 7. Bg5 {[%emt 0:05:11]} Be7 {[%emt 0:01:21]} 8. Nc3 {[%emt 0:00:34]} d6 {[%emt 0:04:28]} 9. e4 {[%emt 0:03:24]} Ng4 {[%emt 0:04:32]} 10. Be2 {[%emt 0:04:27]} Nf8 {[%emt 0:08:54]} 11. Qd3 {[%emt 0:06:17]} Nh7 {[%emt 0:01:53]} 12. Bxe7 {[%emt 0:09:35]} Qxe7 {[%emt 0:00:03]} 13. Nd2 {[%emt 0:04:29]} Bd7 {[%emt 0:01:17]} 14. f3 {[%emt 0:02:27]} Nh6 {[%emt 0:02:46]} 15. O-O-O {[%emt 0:01:02]} O-O-O {[%emt 0:00:43]} 16. Qe3 {[%emt 0:02:38]} Kb8 {[%emt 0:00:13]} 17. Nb5 {[%emt 0:01:10]} Bxb5 {[%emt 0:03:37]} 18. cxb5 {[%emt 0:00:02]} f5 {[%emt 0:05:05]} 19. Nc4 {[%emt 0:04:28]} b6 {[%emt 0:06:45]} 20. Na3 {[%emt 0:02:10]} Kc8 {[%emt 0:05:47]} 21. Nc2 {[%emt 0:03:44]} Kd7 {[%emt 0:00:07]} 22. Nb4 {[%emt 0:01:11]} Ra8 {[%emt 0:00:07]} 23. Kb1 {[%emt 0:01:28]} Ke8 {[%emt 0:02:08]} 24. Nc6 {[%emt 0:03:06]} Qf7 {[%emt 0:04:38]} 25. f4 {[%emt 0:04:52]} exf4 {[%emt 0:02:00]} 26. Qxf4 {[%emt 0:02:36]} fxe4 {[%emt 0:01:18]} 27. Qxe4+ {[%emt 0:00:35]} Kf8 {[%emt 0:00:05]} 28. Nd4 Nf6 {[%emt 0:00:44]} 29. Ne6+ {[%emt 0:01:36]} Kg8 {[%emt 0:00:05]} 30. Qd3 {[%emt 0:01:48]} Nhg4 {[%emt 0:03:31]} 31. Rhf1 {[%emt 0:03:54]} Ne5 {[%emt 0:02:36]} 32. Qf5 {[%emt 0:00:13]} Re8 {[%emt 0:01:21]} 33. Ng5 {[%emt 0:01:00]} Qe7 {[%emt 0:03:02]} 34. Bf3 {[%emt 0:02:43]} Qd8 {[%emt 0:04:13]} 35. Rfe1 {[%emt 0:00:27]} Re7 {[%emt 0:01:22]} 36. Bg2 {[%emt 0:00:40]} Qe8 {[%emt 0:01:09]} 37. a4 {[%emt 0:00:38]} Nfd7 {[%emt 0:03:04]} 38. Bh3 {[%emt 0:01:03]} Nf6 {[%emt 0:03:06]} 39. Re2 {[%emt 0:00:33]} Rh6 {[%emt 0:03:31]} 40. Qc2 {[%emt 0:00:10]} Nfg4 {[%emt 0:01:33]} 41. Rf1 {[%emt 0:00:58]} Qa8 {[%emt 0:02:05]} 42. Bg2 {[%emt 0:00:32]} Nf6 {[%emt 0:00:39]} 43. Rf4 {[%emt 0:00:27]} Qe8 {[%emt 0:01:12]} 44. Rf1 {[%emt 0:00:32]} Qa8 {[%emt 0:00:51]} 45. Rf4 {[%emt 0:00:27]} Qe8 {[%emt 0:00:17]} 46. Bh3 {[%emt 0:00:17]} Nfg4 {[%emt 0:00:19]} 47. Ne6 {[%emt 0:00:41]} Ng6 {[%emt 0:01:42]} 48. Rc4 {[%emt 0:00:02]} Qf7 {[%emt 0:01:00]} 49. Bxg4 {[%emt 0:00:14]} hxg4 {[%emt 0:00:04]} 50. Rf2 {[%emt 0:00:16]} Qe8 {[%emt 0:00:27]} 51. Rxg4 {[%emt 0:00:02]} Ne5 {[%emt 0:00:13]} 52. Rgf4 {[%emt 0:00:17]} Nd7 {[%emt 0:01:11]} 53. Qxc7 {[%emt 0:01:05]} Qg6+ {[%emt 0:00:09]} 54. Qc2 {[%emt 0:00:04]} Qxc2+ {[%emt 0:00:16]} 55. Rxc2 {[%emt 0:00:08]} Nf6 {[%emt 0:00:05]} 56. Rc8+ {[%emt 0:00:20]} Kf7 {[%emt 0:00:01]} 57. Rf5 {[%emt 0:01:00]} Rh5 {[%emt 0:00:19]} 58. Rf8+ {[%emt 0:00:32]} Kg6 $18 {[%emt 0:00:01]} 59. Rxh5 {[%emt 0:00:52]} Nxh5 {[%emt 0:00:28]} 60. g4 {[%emt 0:00:21]} Nf6 {[%emt 0:00:06]} 61. h5+ {[%emt 0:00:20]} Kh7 {[%emt 0:00:04]} 62. Ng5+ {[%emt 0:00:10]} 1-0

[Event "2nd Sharjah Masters 2018"]
[Site "Sharjah"]
[Date "2018.04.17"]
[Round "7"]
[White "Dixit, Nikhil"]
[Black "Puranik, Abhimanyu"]
[Result "1/2-1/2"]
[WhiteElo "2285"]
[BlackElo "2520"]
[Annotator "TA"]
[PlyCount "94"]
[EventDate "2018.??.??"]
[EventType "swiss"]
[EventCountry "UAE"]
[SourceTitle "playchess.com"]
[Source "ChessBase"]
[SourceQuality "1"]

{[%evp 26,94,0,-8,3,-3,0,0,0,-6,18,-10,0,0,-1,-12,-9,-12,0,-8,-12,-20,0,0,8,-7,0,-6,0,-28,0,0,14,6,28,-8,-2,-15,-15,-15,-15,-15,-15,-15,-15,-15,-15,-15,-15,-15,0,-15,-17,-60,-15,-15,0,0,0,0,0,-7,0,0,0,0,0,0,0,0,0]} 1. e4 c5 2. Nf3 e6 3. d4 cxd4 4. Nxd4 a6 5. Nc3 Qc7 6. Bd3 Nf6 7. O-O Be7 8. Kh1 d6 9. f4 Nbd7 10. Qf3 b5 11. a3 Bb7 12. Qg3 {B82: Sicilian Scheveningen: 6 f4} O-O (12... g6 13. Bd2 e5 14. Nde2 Nc5 15. fxe5 dxe5 16. Bh6 O-O-O 17. Bg7 Qd6 18. Qf3 Ncd7 19. Bxh8 Rxh8 {1-0 (37) Movsesian,S (2672)-Vachier Lagrave,M (2762) Dubai 2014}) 13. Bd2 Nc5 14. Rae1 {LiveBook: 5 Games} Kh8 15. Qh3 $146 ({Predecessor:} 15. b4 Nxd3 16. cxd3 Rac8 17. Nf3 Nd7 18. Qh3 Bf6 19. Rc1 Qb6 {½-½ (19) Savon,V-Boensch,U Halle/Saale 1974}) 15... Rac8 16. b4 Nxd3 17. cxd3 Ng8 {[%cal Bf6g8,Bg8e7,Be7c6,Bc6e5,Be5g4][%mdl 32]} 18. f5 Bf6 19. Nde2 Qd7 20. fxe6 Qxe6 21. Qe3 Ne7 22. Nd4 Bxd4 23. Qxd4 f5 24. Qb6 Qd7 25. Qd4 Nc6 26. Qe3 Ne5 27. Qh3 {[%cal Re4f5]} Ng4 28. Rf4 g6 {[%cal Bg7g6,Bg6f5,Bf5g4][%mdl 32]} 29. Ref1 Qg7 30. Nd1 Rc2 31. Bc3 Rxc3 32. Nxc3 Qxc3 33. exf5 gxf5 {[#] White must now prevent ...Bd5.} 34. Qxg4 $1 {[%mdl 512]} fxg4 35. Rxf8+ Kg7 36. R8f7+ Kg6 37. Rxb7 Qxa3 $11 {[%mdl 4096] Endgame KQ-KRR} 38. Rbf7 Qxd3 39. R7f4 Kg5 40. g3 {The position is equal.} d5 41. Re1 Qc3 42. Rd1 Kh6 43. Rdd4 Qc1+ 44. Kg2 Qb2+ 45. Kg1 Qa1+ 46. Kg2 Qb2+ 47. Kg1 Qa1+ {Precision: White = 56%, Black = 46%.} 1/2-1/2

[Event "2nd Sharjah Masters 2018"]
[Site "Sharjah"]
[Date "2018.04.17"]
[Round "7"]
[White "Pranav Vijay"]
[Black "Nikhil Magizhnan"]
[Result "1-0"]
[WhiteElo "2265"]
[BlackElo "2105"]
[Annotator "NA"]
[PlyCount "113"]
[EventDate "2018.??.??"]
[EventType "swiss"]
[EventCountry "UAE"]
[SourceTitle "playchess.com"]
[Source "ChessBase"]
[SourceQuality "1"]
[TimeControl "5400+30"]

1. d4 Nf6 2. Bf4 d5 3. Nc3 c6 4. e3 g6 5. h4 Bg7 6. h5 Nxh5 7. Rxh5 gxh5 8. Qxh5 Nd7 9. Qh2 Nf8 10. Bc7 Qd7 11. Nf3 Qe6 12. Bb8 Bd7 $15 13. Be5 f6 14. Bg3 Qf7 15. Be2 Ng6 16. O-O-O Bf5 17. Bb8 Qe6 18. Nd2 Qd7 19. Bg3 h5 20. Qg1 h4 21. Bh2 Bh6 22. Kb1 Be6 23. f3 Bf7 24. Nb3 e6 25. Nc5 Qc8 26. Qf2 Bf8 27. e4 Bxc5 28. dxc5 d4 29. Qxd4 e5 30. Qe3 Qc7 31. Rd6 Qe7 32. Bf1 Rd8 33. Qd2 Rxd6 34. cxd6 Qd7 35. Nd1 Ne7 36. f4 Nc8 37. fxe5 Qe6 38. Qd4 fxe5 39. d7+ Kd8 40. Bxe5 Qxa2+ 41. Kc1 Bh5 42. Ne3 Rf8 43. Bf6+ Ne7 44. Bxe7+ Kxe7 45. Qc5+ Kxd7 46. Qxf8 Bf7 47. Be2 Be6 48. Nf5 Qa1+ 49. Kd2 Bxf5 50. Qxf5+ Kc7 51. Qe5+ Kb6 52. Qd4+ Kc7 53. e5 Qh1 54. Qd6+ Kb6 55. Qd8+ Kc5 56. c3 Qg1 57. b4# {Kd5} 1-0

[Event "2nd Sharjah Masters 2018"]
[Site "Sharjah"]
[Date "2018.04.17"]
[Round "7"]
[White "Raahul V S"]
[Black "Gagare, Shardul"]
[Result "1/2-1/2"]
[WhiteElo "2258"]
[BlackElo "2502"]
[Annotator "TA"]
[PlyCount "60"]
[EventDate "2018.??.??"]
[EventType "swiss"]
[EventCountry "UAE"]
[SourceTitle "playchess.com"]
[Source "ChessBase"]
[SourceQuality "1"]

{[%evp 14,60,17,28,34,33,42,36,85,42,54,47,99,100,99,85,95,85,77,87,92,72,77,68,81,85,87,47,51,0,121,26,19,0,-12,-5,0,0,0,0,0,0,0,0,41,52,37,9,7]} 1. c4 c6 2. d4 d5 3. Nf3 Nf6 4. g3 Bg4 5. Ne5 Bf5 6. cxd5 {D11: Slav Defence: 3 Nf3 sidelines and 3...Nf6 4 e3 Bg4} cxd5 7. Nc3 Nc6 8. f3 {LiveBook: 22 Games} Nd7 $146 ({Predecessor:} 8... g6 9. Bg2 Bg7 10. Be3 O-O 11. O-O Nd7 12. Nxc6 bxc6 {½-½ (47) Giri,A (2762)-Solak,D (2626) Heraklio 2017}) 9. Nxc6 bxc6 10. e4 Be6 11. Bg2 g6 12. O-O dxe4 (12... h5 $14) 13. fxe4 $16 Bc4 14. Rf2 {Black must now prevent e5.} Bg7 15. Be3 O-O 16. Rc1 Nb6 17. Rd2 Rc8 18. Na4 {[#] Hoping for Nxb6.} Bb5 19. Nxb6 Qxb6 20. Qb3 Qa5 21. a4 (21. e5 $14) 21... Ba6 (21... Qxa4 $11 {keeps the balance.} 22. Qxa4 Bxa4) 22. Qc3 (22. Rc5 $16 Qb6 23. Qc3) 22... Qxa4 $11 {[#] Strongly threatening ...c5!} 23. b3 Qb5 {...c5! is the strong threat.} 24. e5 Qb8 25. Ra2 $36 {[%mdl 2048] White is pushing.} Bb5 26. Qc5 Rc7 27. e6 fxe6 28. Bh3 $1 Qb6 29. Bxe6+ Kh8 30. Qxb6 axb6 {Precision: White = 52%, Black = 53%.} 1/2-1/2

[Event "2nd Sharjah Masters 2018"]
[Site "Sharjah"]
[Date "2018.04.17"]
[Round "7"]
[White "Ashwath, R."]
[Black "Sindarov, Javokhir"]
[Result "0-1"]
[WhiteElo "2250"]
[BlackElo "2431"]
[Annotator "TA"]
[PlyCount "32"]
[EventDate "2018.??.??"]
[EventType "swiss"]
[EventCountry "UAE"]
[SourceTitle "playchess.com"]
[Source "ChessBase"]
[SourceQuality "1"]

{[%evp 13,32,20,13,29,7,23,28,21,35,-2,37,14,0,0,6,-15,-29,-27,-19,-102,-83]} 1. d4 d5 2. Nf3 c6 3. g3 Nf6 4. Bg2 Bf5 5. Nh4 Be4 6. f3 {D02: 1 d4 d5 2 Nf3 sidelines, including 2...Nf6 3 g3 and 2...Nf6 3 Bf4} Bg6 7. Nxg6 hxg6 {LiveBook: 4 Games} 8. e4 {The position is equal.} dxe4 9. fxe4 {And now e5 would win.} e5 $1 {[%cal Re5d4]} 10. c3 Nbd7 11. Be3 Bd6 12. Nd2 $146 ({Predecessor:} 12. O-O O-O 13. Nd2 b5 14. a4 a6 15. Kh1 {½-½ (15) Kosanovic,D (2340)-Simic,R (2361) Belgrade 2015}) 12... exd4 13. cxd4 {Threatens to win with e5.} Rxh2 $1 14. Qf3 Rxh1+ 15. Bxh1 Qa5 {Strongly threatening ...c5.} 16. Kf2 (16. e5 $11 {remains equal.} Bxe5 17. dxe5 Nxe5 18. Qe2) 16... Bc7 0-1

[Event "2nd Sharjah Masters 2018"]
[Site "Sharjah"]
[Date "2018.04.17"]
[Round "7"]
[White "Aradhya, Garg"]
[Black "Tabatabaei, M amin"]
[Result "0-1"]
[WhiteElo "2218"]
[BlackElo "2605"]
[Annotator "TA"]
[PlyCount "87"]
[EventDate "2018.??.??"]
[EventType "swiss"]
[EventCountry "UAE"]
[SourceTitle "playchess.com"]
[Source "ChessBase"]
[SourceQuality "1"]

{[%evp 12,87,33,12,22,16,67,21,49,18,20,14,5,14,21,16,39,5,3,0,0,0,13,17,22,-54,-68,-79,-69,-83,-66,-123,-128,-243,-222,-267,-272,-289,-272,-250,-179,-231,-246,-230,-92,-443,-353,-318,-147,-150,-150,-529,-23,-31,-8,-8,-9,-17,0,0,0,0,0,-101,-101,-101,-101,-111,-101,-420,-197,-581,-581,-581,-518,-563,-562,-542]} 1. e4 g6 2. d4 Bg7 3. Nf3 d6 4. Bc4 Nf6 5. Qe2 O-O 6. O-O c6 7. Bb3 {LiveBook: 160 Games} b5 {B06: Modern Defence} (7... a5 8. a3 Bg4 9. Nbd2 Nbd7 10. h3 Bxf3 11. Nxf3 e5 12. dxe5 dxe5 13. c3 Nc5 14. Bc2 a4 15. Nxe5 Re8 {1-0 (27) Carlsen,M (2853)-Nakamura,H (2787) chess.com INT 2016}) 8. e5 Nd5 (8... dxe5 $11 9. dxe5 Nd5) 9. Rd1 Bg4 {The position is equal.} 10. Nbd2 dxe5 11. dxe5 Nd7 $146 ({Predecessor:} 11... Qd7 12. h3 Bh5 13. Ne4 Bxf3 14. Qxf3 Bxe5 15. Bxd5 cxd5 16. Rxd5 {1-0 (32) Sebenik,M (2287)-Koukoufikis,A (2181) Chalkidiki 2000}) 12. h3 Bxf3 13. Nxf3 e6 $1 14. a4 a6 15. Bd2 Qc7 {[%cal Rd7e5]} 16. Re1 Rfb8 17. a5 c5 18. c4 (18. Bxd5 $11 exd5 19. e6) 18... bxc4 $15 19. Bxc4 Rxb2 20. Bxd5 exd5 21. e6 (21. Rad1 $15) 21... Nf8 $17 22. Ng5 (22. exf7+ $17 Qxf7 23. Rab1) 22... fxe6 $19 23. Nxe6 Nxe6 24. Qxe6+ Qf7 25. Rad1 c4 26. Qd6 {[#]} (26. Qc6 $142 Rf8 27. f3) 26... c3 $1 27. Be3 c2 (27... Re8 $19 28. Qxd5 Qxd5 29. Rxd5 {[#]} Bh6 $1 {[%mdl 512]}) 28. Rxd5 $2 {[%mdl 8192]} (28. Rc1 $17) 28... Rb1 29. Rf1 Rf8 (29... Rxf1+ $19 {is more deadly.} 30. Kxf1 Re8) 30. Rc5 $17 {[#]} Bh6 $1 {[%cal Rh6e3][%mdl 512]} 31. Qd3 $2 (31. Bxh6 $17 {nothing else works.} Rxf1+ 32. Kh2 Qxf2 33. Qd5+ Qf7 34. Qd6) 31... Rb3 $2 ({Black should try} 31... Bxe3 $19 32. Qxe3 Qa2) 32. Rc3 $11 Rxc3 33. Qxc3 Bxe3 34. Qxe3 $15 {[%mdl 4096] Endgame KQR-KQR} Rd8 35. Qc3 Qf5 {aiming for ...Qd3.} 36. Qb3+ Kg7 37. Qc3+ (37. Rc1 $11) 37... Kh6 $17 {Strongly threatening ...Rd1.} 38. Qe3+ Qg5 39. Qc3 Qd2 $36 {[%mdl 2048] Black is really pushing.} 40. Qc7 $2 {[%mdl 8192]} (40. Qc5 $17 {is a better chance.}) 40... Rf8 (40... Rd7 $142 41. Qc5 Rf7) 41. Qc4 $2 (41. g4 {was the crucial defense.}) 41... Rf4 $19 {Black is clearly winning.} 42. Qc5 Rf5 43. Qc4 Rxa5 44. Kh2 {Precision: White = 27%, Black = 37%.} 0-1

[Event "2nd Sharjah Masters 2018"]
[Site "Sharjah"]
[Date "2018.04.17"]
[Round "7"]
[White "Poormosavi, Seyed Kian"]
[Black "Darini, Pouria"]
[Result "0-1"]
[WhiteElo "2218"]
[BlackElo "2478"]
[Annotator "TA"]
[PlyCount "84"]
[EventDate "2018.??.??"]
[EventType "swiss"]
[EventCountry "UAE"]
[SourceTitle "playchess.com"]
[Source "ChessBase"]
[SourceQuality "1"]

{[%evp 15,84,5,14,-14,-16,-24,2,-72,-70,-224,-203,-206,-214,-203,-202,-240,-185,-179,-197,-201,-172,-189,-121,-128,-128,-185,-176,-176,-170,-177,-147,-182,-172,-163,-172,-167,-128,-290,-290,-288,-288,-281,-281,-285,-274,-334,-334,-334,-334,-334,-333,-333,-318,-312,-296,-296,-296,-293,-227,-312,-304,-389,-389,-645,-560,-773,-766,-662,-643,-1624,-1607]} 1. e4 c5 2. Nf3 d6 3. d4 cxd4 4. Nxd4 Nf6 5. Nc3 Nc6 6. Bg5 e6 7. Bb5 Bd7 8. O-O Be7 {LiveBook: 28 Games} 9. Qd2 {B62: Sicilian: Richter-Rauzer: 6...e6: Unusual White 7th moves} (9. Bxc6 Bxc6 10. Qd3 h6 11. Bh4 a6 12. Rad1 Rc8 13. Nxc6 Rxc6 14. e5 dxe5 15. Qg3 Qb6 16. Qxg7 Rg8 17. Qxh6 Rg6 18. Qh8+ Rg8 19. Qh6 Rg6 20. Qh8+ Rg8 21. Qh6 {½-½ (21) Gadimbayli,A (2415)-Tahbaz,A (2442) Baku 2018}) 9... h6 10. Bh4 a6 11. Ba4 $146 (11. Bxc6 $11 {keeps the balance.} Bxc6 12. f3 (12. Nxc6 bxc6 13. Rad1 d5 $11)) ({Predecessor:} 11. Be2 Qc7 12. Bg3 Nxd4 13. Qxd4 e5 14. Qd3 O-O 15. Rad1 b5 16. Bh4 Be6 17. Bxf6 gxf6 {1-0 (39) Hirneise,T (1800)-Reh,R (1361) Erlangen 2003}) 11... b5 $17 12. Bxb5 $2 (12. Bb3 $15) 12... axb5 $19 13. Ndxb5 Qb8 14. Rfd1 {[%cal Rb5d6]} O-O 15. Nxd6 Qxb2 16. Rab1 Qa3 17. Nc4 Qc5 18. Nb6 Ne5 (18... Rad8 $19 {White must now prevent ...Be8.} 19. Bxf6 Bxf6) 19. Nxa8 $17 Rxa8 20. Qd4 (20. Bg3 $17) 20... Qxd4 $19 21. Rxd4 Bc5 $36 {[%mdl 2048] Black is on the roll.} 22. Rd2 Bc6 23. Re2 Nc4 24. Bxf6 gxf6 25. a4 Bd4 26. Rb4 $2 (26. Nb5 $17 Bc5 27. Nc3) 26... Bxc3 27. Rxc4 {[#]} Bb5 $1 {[%cal Rb5c4][%mdl 512]} 28. Rxc3 {And now Re1 would win.} (28. axb5 Ra1+) 28... Bxe2 {[%mdl 4096] Endgame KRB-KR} 29. Ra3 Ra5 30. h4 Kf8 31. f3 {[#]} Bb5 $1 {[%mdl 512]} 32. Rb3 (32. axb5 Rxa3) 32... Bxa4 33. Ra3 Ra6 34. Kf2 Bb5 35. Rb3 Bc6 36. Rb8+ Ke7 37. Kg3 Ra2 38. Kg4 Rxc2 39. g3 $2 (39. Kh3) 39... Rc5 {Black is clearly winning.} 40. Rh8 f5+ 41. exf5 Rxf5 42. f4 {[#]} h5+ $1 {Precision: White = 37%, Black = 80%.} 0-1

[Event "2nd Sharjah Masters 2018"]
[Site "Sharjah"]
[Date "2018.04.17"]
[Round "7"]
[White "Aditya Mittal"]
[Black "Polakhare Aryan"]
[Result "1-0"]
[WhiteElo "2212"]
[BlackElo "1966"]
[Annotator "NA"]
[PlyCount "141"]
[EventDate "2018.??.??"]
[EventType "swiss"]
[EventCountry "UAE"]
[SourceTitle "playchess.com"]
[Source "ChessBase"]
[SourceQuality "1"]
[TimeControl "5400+30"]

1. d4 {[%emt 0:00:00]} Nf6 {[%emt 0:00:02]} 2. c4 {[%emt 0:00:00]} e6 {[%emt 0:00:01]} 3. Nc3 {[%emt 0:00:00]} Bb4 {[%emt 0:00:08]} 4. f3 {[%emt 0:00:00]} d5 {[%emt 0:00:11]} 5. a3 {[%emt 0:00:00]} Bxc3+ {[%emt 0:00:06]} 6. bxc3 {[%emt 0:00:00]} c5 {[%emt 0:00:18]} 7. cxd5 {[%emt 0:00:04]} Nxd5 {[%emt 0:00:08]} 8. dxc5 {[%emt 0:00:05]} Qa5 {[%emt 0:01:09]} 9. e4 {[%emt 0:00:24]} Nf6 {[%emt 0:01:43]} 10. Be3 {[%emt 0:00:33]} O-O {[%emt 0:00:40]} 11. Qb3 {[%emt 0:00:19]} Nfd7 {[%emt 0:01:49]} 12. a4 {[%emt 0:00:13]} Qc7 {[%emt 0:01:41]} 13. Qa3 {[%emt 0:00:01]} b6 {[%emt 0:00:15]} 14. a5 {[%emt 0:00:47]} bxc5 {[%emt 0:00:07]} 15. a6 {[%emt 0:00:28]} c4 {[%emt 0:00:35]} 16. Qa5 {[%emt 0:01:20]} Qc6 {[%emt 0:06:50]} 17. Ne2 {[%emt 0:13:45]} Qxa6 {[%emt 0:03:22]} 18. Nd4 {[%emt 0:07:50]} Ne5 {[%emt 0:17:42]} 19. Kf2 {[%emt 0:31:38]} Qxa5 {[%emt 0:14:14]} 20. Rxa5 {[%emt 0:00:02]} Nbd7 {[%emt 0:05:07]} 21. Bf4 {[%emt 0:09:09]} Nd3+ {[%emt 0:01:24]} 22. Bxd3 {[%emt 0:00:02]} cxd3 {[%emt 0:00:02]} 23. Bd6 {[%emt 0:01:25]} Re8 {[%emt 0:00:34]} 24. Rb1 {[%emt 0:10:56]} Rd8 {[%emt 0:13:16]} 25. Nc6 {[%emt 0:02:28]} Re8 {[%emt 0:00:25]} 26. c4 {[%emt 0:03:34]} f6 {[%emt 0:05:50]} 27. c5 {[%emt 0:06:12]} e5 {[%emt 0:02:39]} 28. Ne7+ {[%emt 0:01:06]} Kf7 {[%emt 0:01:12]} 29. Nd5 {[%emt 0:00:10]} Rd8 {[%emt 0:01:01]} 30. c6 {[%emt 0:05:21]} Nf8 {[%emt 0:00:01]} 31. Bxf8 {[%emt 0:01:22]} Kxf8 {[%emt 0:00:12]} 32. c7 {[%emt 0:00:16]} Re8 {[%emt 0:01:56]} 33. Nb6 {[%emt 0:00:36]} axb6 {[%emt 0:00:25]} 34. Rxa8 {[%emt 0:00:02]} Ke7 {[%emt 0:04:07]} 35. Rxb6 {[%emt 0:00:25]} Kd7 {[%emt 0:00:30]} 36. Ra7 {[%emt 0:00:18]} Re6 {[%emt 0:02:06]} 37. Rxe6 {[%emt 0:00:47]} Kxe6 {[%emt 0:00:02]} 38. Ke3 {[%emt 0:01:46]} Kd6 {[%emt 0:00:31]} 39. Kxd3 {[%emt 0:00:30]} Kc6 {[%emt 0:00:04]} 40. Kc4 {[%emt 0:00:42]} h6 {[%emt 0:04:43]} 41. Ra8 {[%emt 0:01:26]} Be6+ {[%emt 0:00:30]} 42. Kb4 {[%emt 0:00:10]} Kb7 {[%emt 0:01:29]} 43. Re8 {[%emt 0:00:09]} Bd7 {[%emt 0:00:26]} 44. Re7 {[%emt 0:00:02]} Kxc7 {[%emt 0:00:06]} 45. Rxg7 {[%emt 0:00:03]} Kd6 {[%emt 0:00:12]} 46. Rh7 {[%emt 0:00:14]} Ke6 {[%emt 0:00:19]} 47. Rxh6 {[%emt 0:00:07]} Be8 {[%emt 0:00:07]} 48. Kc5 {[%emt 0:00:12]} Kf7 {[%emt 0:00:04]} 49. Rh7+ {[%emt 0:00:15]} Kg6 {[%emt 0:00:06]} 50. Re7 {[%emt 0:00:05]} Ba4 {[%emt 0:00:05]} 51. Ra7 {[%emt 0:00:41]} Bd1 {[%emt 0:00:15]} 52. Kd6 {[%emt 0:00:24]} Be2 {[%emt 0:00:17]} 53. Ke7 {[%emt 0:00:19]} Bf1 {[%emt 0:00:08]} 54. g3 {[%emt 0:00:24]} Be2 {[%emt 0:00:09]} 55. f4 {[%emt 0:00:15]} Bd3 {[%emt 0:00:17]} 56. fxe5 {[%emt 0:00:06]} fxe5 {[%emt 0:00:03]} 57. Ra4 {[%emt 0:00:22]} Bc2 {[%emt 0:00:49]} 58. Rb4 {[%emt 0:00:17]} Kg5 {[%emt 0:00:20]} 59. Ke6 {[%emt 0:00:06]} Kg4 {[%emt 0:00:05]} 60. Kxe5 {[%emt 0:00:05]} Kh3 {[%emt 0:00:05]} 61. Kf4 {[%emt 0:00:12]} Bd1 {[%emt 0:00:10]} 62. e5 {[%emt 0:00:06]} Bg4 {[%emt 0:00:13]} 63. Kg5 {[%emt 0:00:17]} Bc8 {[%emt 0:00:06]} 64. Rh4+ {[%emt 0:00:09]} Kg2 {[%emt 0:00:03]} 65. Kf6 {[%emt 0:00:08]} Kf3 {[%emt 0:00:11]} 66. e6 {[%emt 0:00:08]} Bxe6 {[%emt 0:00:03]} 67. Kxe6 {[%emt 0:00:01]} Kg2 {[%emt 0:00:12]} 68. g4 {[%emt 0:00:14]} Kg1 {[%emt 0:00:05]} 69. g5 {[%emt 0:00:04]} Kg2 {[%emt 0:00:04]} 70. g6 {[%emt 0:00:04]} Kg1 {[%emt 0:00:04]} 71. Rg4+ {[%emt 0:00:06]} 1-0